Statistics for Biggest cities of the world in 1800

Click here to take the quiz!

General Stats

  • This quiz has been taken 35 times
  • The average score is 6 of 10

Answer Stats

PopulationAnswer% Correct
859,000London
100%
548,000Paris
94%
1,098,000Beijing
84%
569,000Istanbul
78%
685,000Tokyo
78%
796,000Guangzhou
50%
431,000Naples
38%
383,000Osaka
38%
378,000Kyoto
34%
387,000Hangzhou
22%

Score Distribution

Percentile by Number Answered

Percent of People with Each Score

Your Score History

You have not taken this quiz